000 00605nam a2200229Ia 4500
003 OSt
005 20221007071104.0
006 a|||||r|||| 00| 0
007 ta
008 221006b |||||||| |||| 00| 0 eng d
024 _a15,150
037 _cTextual
040 _aFLL
_cFLL
_beng
041 _2eng
_aeng
082 _aX:952:Z2, G9
100 _aSarin Harbans Lal
245 0 _aPayment of wages act
260 _aLahore
_bThe University Book Agency Pakistan
_c1939
300 _a240p
_ccm.
942 _hX:952:Z2, G9
_cTEXL
_2CC
999 _c1142413
_d1142413